000 00963nam a2200241Ia 4500
003 GCL
005 20240530095554.0
008 140319s9999 xx 000 0 ara d
040 _aGCL /
_cGCL
082 0 4 _a368.4
_bد/ب ا
100 1 _aبرهام محمد عطاالله
245 1 0 _aكتاب الاهرام الاقتصادى ( مايو 2006 - العدد 224 - اموال التامينات الاجتماعية الى اين ) /
_cبرهام محمد عطاالله
260 _aالقاهرة :
_bمؤسسة الاهرام ،
_c2006
300 _a184 ص ؛
_c24 سم
650 0 4 _aمعاشات الشيخوخة
650 0 4 _aالتشريعات الاجتماعية
650 0 4 _aبنوك الاستثمار
650 0 4 _aالمعاشات
650 0 4 _aالتامين الاجتماعى
650 0 4 _aالتامين الاجتماعى - مصر
650 0 4 _aالتامين الاجتماعى - قوانين وتشريعات
942 _2ddc
_cBK
999 _c8479
_d8479